000
00343nam a2200145Ia 4500
008
150201s2007 xx 000 0 und d
082
_a
617.6
_b
D10K
100
_a
KAPOOR,VINOD
245
_a
TB OF ORAL & MAXILLOFACIAL SURGERY
250
_a
2ND
260
_b
ARYA PUB.
_a
DELHI
_c
2007
300
_a
1-684
650
_a
DENTISTRY
942
_2
ddc
_c
BK
999
_c
380
_d
380